000 00754nam a2200265 a 4500
001 41843
003 BD-RjUL
005 20211209053447.0
008 160606s1994 ii b 000 0 eng d
020 _a8170419840
035 _a(BD-RjUL)41961
035 _a2537009
040 _aANL
_beng
_cANL
_dANL
041 _aeng
082 0 4 _a327.1091716
_bJHI 1994
100 1 _aJha, Sanjay Kumar.
_9128534
245 1 0 _aInternational politics in the Third World /
_cSanjay Kumar Jha.
250 _a1st ed.
260 _aNew Delhi :
_bAnmol,
_c1994.
300 _ax, 298 p. ;
_c22 cm.
504 _aIncludes bibliographical references
650 0 _aNonalignment.
_9128535
651 0 _aDeveloping countries
_xForeign relations.
_9128536
942 _2ddc
_cBK
999 _c41843
_d41843